Statistics for How to Train Your Dragon 2 Characters

Click here to take the quiz!

General Stats

  • This quiz has been taken 288 times
  • The average score is 16 of 21

Answer Stats

#Voiced ByHintAnswer% Correct
1Jay BaruchelThe teenage son of #3Hiccup
99%
5America FerreraGirlfriend of #1Astrid
97%
12NONEThe Night Fury that #1 ridesToothless
94%
3Gerard ButlerThe chieftain of the tribe, wife of #2, father of #1Stoick
89%
10Kristen WiigFriend of #s 1, 5, 8, 9 and female fraternal twin to #11Ruffnut
89%
9Christopher Mintz-PlasseFriend of #s 1, 5, 8, 10, 11Fishlegs
88%
11T.J. MillerFriend of #s 1, 5, 8, 9 and male fraternal twin to #10Tuffnut
88%
15NONEThe Deadly Nadder that #5 ridesStormfly
82%
7Craig Ferguson#3's closest friend and a seasoned viking warriorGobber
80%
8Jonah HillFriend of #s 1, 5, 9, 10, 11Snotlout
79%
19NONEPart of the Hideous Zippleback that #11 ridesBarf
75%
4Djimon HounsouA dragon hunterDrago
73%
20NONEOther part of the Hideous Zippleback that #10 ridesBelch
73%
2Cate BlanchettA reclusive vigilante from the Arctic, wife of #3, mother of #1Valka
71%
17NONEThe Monstrous Nightmare that #8 ridesHookfang
71%
18NONEThe Gronckle that #9 ridesMeatlug
71%
13NONEThe Stormcutter that #2 ridesCloudjumper
64%
14NONEThe Rumblehorn that #3 ridesSkullcrusher
60%
6Kit HaringtonA dragon trapper who sells captured dragons to #4Eret
56%
16NONEThe Hotburple that #7 ridesGrump
50%
21NONEThe gigantic dragon that guards the hidden dragon sanctuaryBewilderbeast
41%

Score Distribution

Percentile by Number Answered

Percent of People with Each Score

Your Score History

You have not taken this quiz